[Event "Corr"]
[Site "?"]
[Date "1998.??.??"]
[Round "?"]
[White "Hiltunen Reijo"]
[Black "Nilsson Joergen"]
[Result "1/2-1/2"]
[WhiteElo "2546"]
[BlackElo "2516"]
[PlyCount "99"]
[EventDate "1998.??.??"]
[Source "www.chesslib.no"]
[SourceDate "2004.05.04"]

1. d4 Nf6 2. c4 c5 3. d5 b5 4. cxb5 a6 5. bxa6 Bxa6 6. g3 g6 7. Bg2 Bg7 8. Nc3 d6 9. Nf3 Nbd7 10. O-O Nb6 11. Re1 O-O 12. Bf4 Nc4 13. Qc1 Qa5 14. Nd2 Nb6 15. Qc2 c4 16. Red1 Rfc8 17. e4 Nbd7 18. Bh3 h6 19. Be3 Rcb8 20. Nf3 Bc8 21. Nd4 Ne5 22. Bxc8 Rxc8 23. f3 Nfd7 24. Qd2 Kh7 25. Kg2 Nc5 26. h4 h5 27. Rdb1 Na4 28. Nxa4 Qxd2+ 29. Bxd2 Rxa4 30. Bc3 Nd3 31. Nc2 Rca8 32. a3 Nc5 33. Ra2 Nb3 34. Rd1 Be5 35. Bxe5 dxe5 36. Rf1 Kg7 37. Ne3 f6 38. Rf2 Rc8 39. Nd1 Kf7 40. Rc2 Ke8 41. Kf2 Kd7 42. Nc3 Ra5 43. Ke3 f5 44. Nb1 e6 45. dxe6+ Kxe6 46. Nd2 Ra4 47. Rc3 Nxd2 48. Kxd2 fxe4 49. fxe4 Rd8+ 50. Ke2 1/2-1/2

[Event "IND-ch"]
[Site "Visakhapatnam"]
[Date "2004.12.15"]
[Round "16"]
[White "Koneru, Humpy"]
[Black "Ganguly, Surya Shekhar"]
[Result "1/2-1/2"]
[WhiteElo "2503"]
[BlackElo "2559"]
[PlyCount "80"]
[EventDate "2004.12.04"]
[Source "Roberto Alvarez"]
[SourceDate "2004.12.13"]

1. d4 Nf6 2. c4 c5 3. d5 b5 4. cxb5 a6 5. bxa6 g6 6. Nc3 Bxa6 7. g3 Bg7 8. Bg2 d6 9. Nf3 Nbd7 10. O-O O-O 11. Rb1 Ne8 12. Qc2 Nc7 13. Rd1 Ra7 14. b3 Bxc3 15. Qxc3 Bxe2 16. Bh6 Nf6 17. Rd2 Nb5 18. Qb2 Bxf3 19. Bxf3 Re8 20. Be3 Na3 21. Re1 Qd7 22. Bg5 Ng4 23. Bf4 Nb5 24. h3 Nf6 25. Bg2 Rea8 26. Qa1 Nd4 27. Qb1 Qf5 28. Qxf5 gxf5 29. b4 Ne4 30. Rb2 Rxa2 31. Rxa2 Rxa2 32. Bxe4 fxe4 33. Rxe4 Ne2+ 34. Kf1 Nxf4 35. Rxf4 cxb4 36. Rxb4 Rd2 37. Re4 Kf8 38. Rh4 Rxd5 39. Rxh7 Re5 40. Rh4 d5 1/2-1/2

[Event "New York"]
[Site "New York"]
[Date "1983.??.??"]
[Round "8"]
[White "Murey, Jacob"]
[Black "Alburt, Lev O"]
[Result "1-0"]
[WhiteElo "2500"]
[BlackElo "2560"]
[PlyCount "101"]
[EventDate "1983.06.??"]
[Source "ChessBase"]

1. d4 Nf6 2. c4 c5 3. d5 b5 4. cxb5 a6 5. bxa6 g6 6. Nc3 Bxa6 7. f4 d6 8. Nf3 Qa5 9. Bd2 Qb4 10. Qc2 Bg7 11. g3 Nbd7 12. Bh3 Qb7 13. Rd1 Nb6 14. e4 O-O 15. Kf2 Nc4 16. Bc1 h5 17. Rhe1 Ng4+ 18. Kg2 Qb4 19. e5 Bc8 20. a3 Qa5 21. Ne4 Qb5 22. Rd3 dxe5 23. Rb3 Qa4 24. Nxc5 Bf5 25. Qe2 Qa7 26. Qxc4 Rac8 27. Rc3 e4 28. Nd4 Rxc5 29. Qxc5 Qxc5 30. Rxc5 Bxd4 31. Rc4 Bf6 32. Bxg4 hxg4 33. b4 Bd7 34. Rexe4 Ba4 35. Be3 Rd8 36. Bd4 Rxd5 37. h3 Bb5 38. Rc8+ Kh7 39. Bxf6 gxh3+ 40. Kxh3 Bd7+ 41. g4 exf6 42. Rc7 Kh6 43. Re7 Rd3+ 44. Kg2 Be6 45. Rxf7 Bd5+ 46. Kf2 Rf3+ 47. Ke2 Rxf4 48. Rh7+ Kg5 49. Rc5 Re4+ 50. Kd3 Re5 51. Kd4 1-0

[Event "Ptuj"]
[Site "Ptuj"]
[Date "1995.??.??"]
[Round "2"]
[White "Hulak, Krunoslav"]
[Black "Sermek, Drazen"]
[Result "1/2-1/2"]
[WhiteElo "2545"]
[BlackElo "2515"]
[PlyCount "64"]
[EventDate "1995.??.??"]
[Source "www.chesslib.no"]
[SourceDate "2004.05.04"]

1. d4 Nf6 2. c4 c5 3. d5 b5 4. cxb5 a6 5. bxa6 g6 6. Nc3 Bxa6 7. Nf3 Bg7 8. g3 d6 9. Bg2 Nbd7 10. O-O Nb6 11. Re1 O-O 12. Bf4 Nh5 13. Bg5 h6 14. Bc1 Nf6 15. Rb1 Bc4 16. e4 Bxa2 17. Nxa2 Rxa2 18. b4 cxb4 19. Rxb4 Nfd7 20. Qb3 Ra4 21. Be3 Rxb4 22. Qxb4 Qa8 23. Nd4 Rb8 24. Qb5 Qa4 25. Qxa4 Nxa4 26. Nc6 Re8 27. Rb1 Nac5 28. Bh3 e6 29. dxe6 fxe6 30. Bg2 Kf7 31. Rd1 Bf8 32. f4 Rc8 1/2-1/2

[Event "JUG-ch52"]
[Site "Niksic"]
[Date "1997.??.??"]
[Round "10"]
[White "Ilincic, Zlatko"]
[Black "Marinkovic, Ivan"]
[Result "1-0"]
[WhiteElo "2565"]
[BlackElo "2495"]
[PlyCount "85"]
[EventDate "1997.??.??"]
[Source "www.chesslib.no"]
[SourceDate "2004.05.04"]

1. d4 Nf6 2. c4 c5 3. d5 b5 4. cxb5 a6 5. bxa6 g6 6. Nc3 Bxa6 7. g3 Bg7 8. Bg2 d6 9. Rb1 Nbd7 10. a4 Ne5 11. b3 Rb8 12. Nh3 h5 13. Bd2 h4 14. Qc2 Bc8 15. Ng5 Bf5 16. e4 h3 17. Bf1 Bg4 18. Bb5+ Kf8 19. O-O Bh6 20. f4 Bxg5 21. fxe5 Bxd2 22. Qxd2 dxe5 23. Qe3 Rc8 24. Bc6 Qa5 25. Na2 Rh5 26. Rbc1 Nd7 27. Rf2 Kg7 28. Rfc2 Qb6 29. Bb5 Rb8 30. Rc4 f6 31. Nc3 Rhh8 32. Nb1 Rhd8 33. Nd2 e6 34. R4c3 exd5 35. exd5 Nf8 36. Rxc5 Rxd5 37. Rc7+ Kh8 38. Qxb6 Rxb6 39. Nc4 Rb8 40. Ne3 Rd4 41. Nxg4 Rxg4 42. Rc8 Rxc8 43. Rxc8 1-0

[Event "1st Pfalz Open"]
[Site "Neustadt a.d. Weinstrasse GER"]
[Date "2008.02.21"]
[Round "7"]
[White "Khenkin, I."]
[Black "Kopylov, M."]
[Result "1-0"]
[WhiteElo "2602"]
[BlackElo "2457"]
[PlyCount "79"]
[EventDate "2008.02.16"]
[Source "www.chesslib.no"]
[SourceDate "2004.05.04"]

1. d4 Nf6 2. c4 c5 3. d5 b5 4. cxb5 a6 5. bxa6 g6 6. Nc3 Bxa6 7. Nf3 Bg7 8. g3 d6 9. Bg2 Nbd7 10. Rb1 Nb6 11. b3 Bc8 12. Nh4 h6 13. Qc2 Qd7 14. Bb2 O-O 15. O-O c4 16. Rfd1 cxb3 17. axb3 Qc7 18. Qd2 Qb7 19. Nf3 Bf5 20. Rbc1 Nbd7 21. Nd4 Nc5 22. Nxf5 Nxb3 23. Qc2 Nxc1 24. Nxg7 Na2 25. Ne6 Rfb8 26. Ba1 Qb3 27. Qxb3 Rxb3 28. Nxa2 Rxa2 29. Bxf6 exf6 30. Nd4 Rba3 31. Be4 f5 32. Bb1 Rb2 33. Bd3 Ra5 34. Nc6 Rc5 35. Ra1 Kg7 36. Ra7 Rxd5 37. Nd8 Rb8 38. Rxf7+ Kg8 39. Rd7 Re5 40. Nc6 1-0

[Event "Gibraltar Masters"]
[Site "Catalan Bay"]
[Date "2004.02.05"]
[Round "10"]
[White "Rowson, Jonathan"]
[Black "Vuckovic, Bojan"]
[Result "0-1"]
[WhiteElo "2547"]
[BlackElo "2511"]
[PlyCount "104"]
[EventDate "2004.01.27"]
[Source "Roberto Alvarez"]
[SourceDate "2004.02.09"]

1. d4 Nf6 2. c4 c5 3. d5 b5 4. cxb5 a6 5. bxa6 g6 6. Nc3 Bxa6 7. g3 Bg7 8. Bg2 d6 9. Nf3 Nbd7 10. Rb1 O-O 11. O-O Ne8 12. Re1 Bc4 13. Nd2 Bxa2 14. Nxa2 Rxa2 15. Nc4 Nc7 16. Bd2 Qa8 17. b4 Qa6 18. Na5 Nb5 19. Nc6 c4 20. Rc1 c3 21. Bg5 Re8 22. Rc2 Ne5 23. Na5 Rb2 24. Rxb2 cxb2 25. Bd2 Rc8 26. Be4 Nc3 27. Bxc3 Rxc3 28. Qb1 Qb6 29. Qxb2 Ng4 30. e3 Rxe3 31. Qd2 Bc3 32. Qxe3 Nxe3 33. Rxe3 Bd4 34. Re2 Bxf2+ 35. Kg2 Bd4 36. Nc6 e5 37. dxe6 fxe6 38. Bf3 Be3 39. Ne7+ Kg7 40. Nc8 Qc7 41. Nxd6 Qc1 42. Ra2 Qg1+ 43. Kh3 Qf1+ 44. Bg2 Qd1 45. Ne8+ Kf7 46. Bc6 Qb1 47. Re2 Qf1+ 48. Rg2 h5 49. Nd6+ Ke7 50. Ne4 g5 51. b5 Qf5+ 52. g4 Qf3+ 0-1

[Event "Novi Sad (ol)"]
[Site "?"]
[Date "1990.??.??"]
[Round "?"]
[White "Cvitan, O."]
[Black "Milos, Gilberto"]
[Result "1/2-1/2"]
[WhiteElo "2515"]
[BlackElo "2540"]
[PlyCount "92"]
[EventDate "1990.??.??"]
[Source "ChessBase"]
[SourceDate "1990.07.01"]

1. d4 Nf6 2. c4 c5 3. d5 b5 4. cxb5 a6 5. bxa6 Bxa6 6. Nc3 g6 7. g3 d6 8. Bg2 Bg7 9. Nf3 Nbd7 10. O-O Nb6 11. Re1 O-O 12. Bf4 Nh5 13. Bg5 h6 14. Bc1 Nf6 15. a3 Ra7 16. Rb1 Qa8 17. e4 Nfd7 18. Qc2 Nc4 19. b3 Nce5 20. Nxe5 Nxe5 21. Rd1 Rb8 22. h3 Rab7 23. b4 cxb4 24. axb4 Rc7 25. Rb3 Bc4 26. Ra3 Qb7 27. Be3 Qc8 28. Qd2 Rxb4 29. Na4 Qb8 30. Rc1 Kh7 31. Bd4 Bb3 32. Rxc7 Rxd4 33. Qc3 Bxa4 34. Qxd4 Qb1+ 35. Kh2 Ng4+ 36. hxg4 Bxd4 37. Rxa4 Bxf2 38. Rxe7 Bxg3+ 39. Kxg3 Qb3+ 40. Bf3 Qxa4 41. Rxf7+ Kh8 42. Rf6 Qe8 43. Re6 Qf7 44. Rxd6 h5 45. gxh5 gxh5 46. Rc6 Qe7 1/2-1/2

[Event "Bar op"]
[Site "?"]
[Date "2003.??.??"]
[Round "4"]
[White "Abramovic Bosko"]
[Black "Pavlovic Milos"]
[Result "0-1"]
[WhiteElo "2492"]
[BlackElo "2560"]
[PlyCount "70"]
[EventDate "2003.??.??"]
[Source "www.chesslib.no"]
[SourceDate "2004.05.04"]

1. d4 Nf6 2. c4 c5 3. d5 b5 4. cxb5 a6 5. bxa6 g6 6. Nc3 Bxa6 7. g3 d6 8. Bg2 Bg7 9. Nf3 Nbd7 10. Rb1 O-O 11. O-O Qa5 12. Bd2 Rfb8 13. Qc2 Nb6 14. Rfd1 Nc4 15. Be1 Nd7 16. Qc1 Nde5 17. Nxe5 Nxe5 18. Bf1 Bc8 19. f4 Ng4 20. e3 Qb6 21. h3 Nxe3 22. Qxe3 Bd4 23. Rxd4 cxd4 24. Qxe7 dxc3+ 25. Kh2 Bf5 26. Bxc3 Bxb1 27. Qf6 Kf8 28. Qg7+ Ke8 29. Bf6 Bf5 30. Qg8+ Kd7 31. Qxf7+ Kc8 32. g4 Bd7 33. Bg2 Kc7 34. Qxh7 Qf2 35. Qh6 Rxa2 0-1

[Event "GEO-ch 62th"]
[Site "?"]
[Date "2002.05.25"]
[Round "6"]
[White "Gagunashvili Merab"]
[Black "Sturua Zurab"]
[Result "1/2-1/2"]
[WhiteElo "2486"]
[BlackElo "2565"]
[PlyCount "75"]
[EventDate "2002.??.??"]
[Source "www.chesslib.no"]
[SourceDate "2004.05.04"]

1. d4 Nf6 2. c4 g6 3. Nf3 Bg7 4. g3 c5 5. d5 b5 6. Bg2 d6 7. cxb5 a6 8. bxa6 Bxa6 9. Nc3 O-O 10. O-O Nbd7 11. Rb1 Qa5 12. Qc2 Nb6 13. Rd1 Bb7 14. e4 Nfd7 15. Bg5 Rfe8 16. Bf1 Ba6 17. Bxa6 Rxa6 18. Nd2 Bxc3 19. bxc3 Qxa2 20. Qd3 Raa8 21. Bf4 Kg7 22. Rb5 f6 23. h4 h6 24. Qe3 Rh8 25. Rdb1 Qa7 26. Qf3 Rhb8 27. h5 g5 28. Be3 Nf8 29. Qd1 Nbd7 30. Kg2 Rxb5 31. Rxb5 Qa6 32. Qb3 Qc8 33. Nc4 Ra7 34. Bc1 Ra1 35. Bb2 Re1 36. Ne3 Rxe3 37. fxe3 Ne5 38. c4 1/2-1/2

[Event "57th ch-RUS Qualifier"]
[Site "Tomsk"]
[Date "2004.05.31"]
[Round "9"]
[White "Kiriakov, Petr"]
[Black "Khairullin, Ildar"]
[Result "1/2-1/2"]
[WhiteElo "2568"]
[BlackElo "2481"]
[PlyCount "44"]
[EventDate "2004.05.23"]
[Source "Roberto Alvarez"]
[SourceDate "2004.05.31"]

1. d4 Nf6 2. c4 c5 3. d5 b5 4. cxb5 a6 5. bxa6 g6 6. Nc3 Bxa6 7. Nf3 Bg7 8. g3 d6 9. Bg2 Nbd7 10. O-O Nb6 11. Ne1 O-O 12. Nc2 Nfd7 13. Ne3 f5 14. Qc2 Ne5 15. b3 f4 16. gxf4 Rxf4 17. Bb2 Qf8 18. Ne4 Rh4 19. f4 Rxf4 20. Ng5 Qf6 21. Ne6 Rxf1+ 22. Rxf1 Nf3+ 1/2-1/2

[Event "Samara (Russia)"]
[Site "?"]
[Date "2003.??.??"]
[Round "5"]
[White "Zakharevich Igor"]
[Black "Khairullin Ildar"]
[Result "1/2-1/2"]
[WhiteElo "2526"]
[BlackElo "2514"]
[PlyCount "80"]
[EventDate "2003.??.??"]
[Source "www.chesslib.no"]
[SourceDate "2004.05.04"]

1. d4 Nf6 2. c4 c5 3. d5 b5 4. cxb5 a6 5. bxa6 g6 6. Nc3 Bxa6 7. g3 Bg7 8. Bg2 d6 9. Nf3 Nbd7 10. Rb1 Nb6 11. b3 Bb7 12. Nh4 O-O 13. Bb2 Ra7 14. O-O e6 15. dxe6 fxe6 16. Bh3 Qd7 17. Nf3 Nbd5 18. Nxd5 Bxd5 19. Bxf6 Bxf6 20. Qxd5 exd5 21. Bxd7 Rxd7 22. e3 Ra7 23. Rbd1 d4 24. exd4 Rxa2 25. dxc5 dxc5 26. Rd3 Rb2 27. Kg2 Rb8 28. Rc1 R2xb3 29. Rxb3 Rxb3 30. Rxc5 h5 31. Rc7 Rb6 32. Rd7 Re6 33. h3 Re7 34. Rd6 Kg7 35. Ra6 Re2 36. Ra7+ Re7 37. Ra4 Re2 38. g4 hxg4 39. hxg4 g5 40. Ra7+ Re7 1/2-1/2

[Event "2nd IECC, Ohrid MKD"]
[Site "?"]
[Date "2001.??.??"]
[Round "11"]
[White "Hulak, K."]
[Black "Djuric, S."]
[Result "1-0"]
[WhiteElo "2560"]
[BlackElo "2480"]
[PlyCount "131"]
[EventDate "2001.??.??"]
[Source "www.chesslib.no"]
[SourceDate "2004.05.04"]

1. d4 Nf6 2. c4 g6 3. g3 c5 4. d5 b5 5. cxb5 a6 6. bxa6 Bxa6 7. Nc3 Bg7 8. Bg2 d6 9. Nf3 O-O 10. O-O Nbd7 11. Qc2 Ra7 12. Rd1 Qa8 13. Nd2 Nb6 14. Nf1 Rb8 15. Ne3 Nc4 16. b3 Nxe3 17. Bxe3 Bc8 18. Bd2 Ra3 19. Rab1 Bf5 20. e4 Bd7 21. h3 Ne8 22. Bc1 Ra7 23. Bb2 Rb6 24. Bf1 h5 25. h4 Qb8 26. Ba1 Rab7 27. Bc4 Nf6 28. f3 Be8 29. Kg2 Ra7 30. a4 Ra8 31. Re1 Nd7 32. f4 Rb4 33. Na2 Rb7 34. Bxg7 Kxg7 35. Bd3 Nf6 36. Nc3 Ng4 37. Bc4 Bd7 38. Re2 Rb4 39. Kg1 Qa7 40. Nd1 Rab8 41. Kh1 e5 42. Nf2 exf4 43. gxf4 Re8 44. Qc3+ f6 45. Rbe1 Qc7 46. Kg2 Rbb8 47. Nd3 Kh7 48. Nf2 Re7 49. Nxg4 Bxg4 50. Re3 Rf8 51. e5 fxe5 52. fxe5 dxe5 53. Rxe5 Ref7 54. Qe3 Qd7 55. Qg5 Bf3+ 56. Kh2 Qd6 57. Kg1 Qd7 58. Re6 Rg7 59. R1e5 Qf7 60. Re7 Qf6 61. Rxg7+ Qxg7 62. Re7 Rf7 63. Rxf7 Qxf7 64. d6 Qg7 65. Qe7 Bc6 66. Bb5 1-0

[Event "YUG-chT playoff"]
[Site "?"]
[Date "1997.??.??"]
[Round "?"]
[White "Ilincic Zlatko"]
[Black "Ristic Nenad"]
[Result "1-0"]
[WhiteElo "2565"]
[BlackElo "2475"]
[PlyCount "193"]
[EventDate "1997.??.??"]
[Source "www.chesslib.no"]
[SourceDate "2004.05.04"]

1. d4 Nf6 2. c4 c5 3. d5 b5 4. cxb5 a6 5. bxa6 g6 6. Nc3 Bg7 7. e4 d6 8. Bb5+ Nfd7 9. Nf3 O-O 10. O-O Bxa6 11. Qe2 Qb6 12. Bxa6 Nxa6 13. Nd1 Nb4 14. a3 Qa6 15. Qxa6 Rxa6 16. Rb1 Nd3 17. Ne1 N7e5 18. f4 Nxe1 19. Rxe1 Nd3 20. Re2 Rb8 21. Ra1 Ra4 22. g3 Rc4 23. Bd2 Bxb2 24. Ra2 Bd4+ 25. Kg2 Ra4 26. Be3 Rb3 27. Bxd4 Rxd4 28. Nf2 Ra4 29. Re3 Nxf4+ 30. Kf3 Rxe3+ 31. Kxe3 Nh5 32. Nd1 Nf6 33. Nc3 Rc4 34. Kd3 Rd4+ 35. Ke3 Ng4+ 36. Ke2 Rc4 37. Kd3 Ne5+ 38. Kc2 Rd4 39. Kb3 Nc4 40. Ka4 Rd3 41. Rc2 f5 42. exf5 gxf5 43. Rc1 Kf7 44. Kb3 Ne3 45. Ka4 Nxd5 46. Nxd5 Rxd5 47. Kb5 Rd2 48. Ra1 Rb2+ 49. Kc6 c4 50. Rc1 Rb8 51. a4 c3 52. a5 Rb3 53. Ra1 c2 54. Rc1 Rc3+ 55. Kb6 Rb3+ 56. Kc6 Rc3+ 57. Kb6 d5 58. a6 d4 59. a7 Rb3+ 60. Kc5 Ra3 61. Kxd4 Rxa7 62. Rxc2 Kf6 63. Ke3 h5 64. h4 Ra3+ 65. Kf2 Ra4 66. Kf3 e6 67. Rc8 Ra3+ 68. Kg2 Ra2+ 69. Kf3 Ra3+ 70. Kg2 Ke5 71. Rh8 Ke4 72. Rxh5 Ra2+ 73. Kh3 Kf3 74. Rg5 Kf2 75. Kh2 Kf3+ 76. Kh3 Rg2 77. h5 Kf2 78. Rg6 e5 79. Rg5 Kg1 80. Rxf5 e4 81. Re5 Kf2 82. Rxe4 Rxg3+ 83. Kh4 Rg1 84. h6 Kf3 85. Ra4 Rg2 86. Kh5 Rb2 87. Ra8 Kf4 88. h7 Rh2+ 89. Kg6 Rg2+ 90. Kf6 Rf2 91. h8=Q Kg3+ 92. Kg5 Rg2 93. Qh4+ Kf3+ 94. Kf5 Rf2 95. Ra3+ Kg2+ 96. Kg4 Re2 97. Qg3+ 1-0

[Event "It Open"]
[Site "London ENG"]
[Date "1991.??.??"]
[Round "?"]
[White "Zilberman, Yaacov"]
[Black "Adams, Michael"]
[Result "0-1"]
[WhiteElo "2440"]
[BlackElo "2600"]
[PlyCount "152"]
[EventDate "1991.??.??"]
[Source "www.chesslib.no"]
[SourceDate "2004.05.04"]

1. d4 Nf6 2. c4 c5 3. d5 b5 4. cxb5 a6 5. bxa6 g6 6. g3 d6 7. Bg2 Bg7 8. Nc3 Bxa6 9. Nh3 Nbd7 10. O-O O-O 11. Qc2 Qb6 12. Nf4 Ne5 13. Rb1 Rfb8 14. h4 Bc8 15. b3 Bf5 16. e4 Bc8 17. Bd2 Nfg4 18. a4 Ba6 19. Nce2 Bh6 20. Bc3 Bxf4 21. gxf4 Bd3 22. Qd2 Bxb1 23. Rxb1 Nc4 24. Qa2 Na5 25. Nc1 Qd8 26. Qe2 Nf6 27. Qf3 Nh5 28. Bh3 Nc4 29. Ra1 Na5 30. Rb1 Ra7 31. Ba1 Rab7 32. Bf1 f6 33. Bb5 Qf8 34. Ne2 Qh6 35. Bc3 Ra7 36. Bd2 Ng7 37. Kg2 f5 38. Ng3 fxe4 39. Qg4 Rf8 40. Bd7 Kh8 41. Nxe4 Qh5 42. Ng5 Qxg4+ 43. Bxg4 Rb8 44. Bd1 Kg8 45. Kh3 Nc4 46. Be1 Nb6 47. Rc1 Nxd5 48. Rc4 h6 49. Nf3 Kf7 50. Bd2 Nf5 51. Re4 e6 52. Rc4 Nde7 53. Re4 Nc6 54. Bc3 Na5 55. Nd2 Nc6 56. Nf3 Nb4 57. Kg2 Ke7 58. Bd2 Nc6 59. Bc3 Na5 60. b4 d5 61. bxa5 dxe4 62. Ne5 Kd6 63. Nc4+ Kd5 64. Nb6+ Kc6 65. Bc2 Nd6 66. Kh3 Rxb6 67. axb6 Kxb6 68. Kg4 Rf7 69. Be5 Nc4 70. Bc3 e3 71. Bd3 e5 72. a5+ Kc6 73. fxe3 Nxe3+ 74. Kf3 Nd5 75. Bxe5 Nxf4 76. Bc4 Nd3+ 0-1

[Event "Sevilla op"]
[Site "Sevilla"]
[Date "2000.??.??"]
[Round "4"]
[White "Lalic, Bogdan"]
[Black "Matamoros Franco, Carlos S"]
[Result "1-0"]
[WhiteElo "2548"]
[BlackElo "2492"]
[PlyCount "73"]
[EventDate "2000.??.??"]
[Source "www.chesslib.no"]
[SourceDate "2004.05.04"]

1. d4 Nf6 2. c4 c5 3. d5 b5 4. cxb5 a6 5. bxa6 g6 6. Nc3 Bxa6 7. g3 d6 8. Bg2 Bg7 9. Nf3 Nbd7 10. Rb1 Qa5 11. Bd2 O-O 12. O-O Rfb8 13. Qc2 Qd8 14. b3 Nb6 15. Nh4 Bb7 16. e4 Ba6 17. Rfd1 Ng4 18. h3 Ne5 19. Be3 Nc8 20. f4 Nd7 21. Nf3 Na7 22. a4 Qa5 23. Na2 Rc8 24. Kh2 Qd8 25. Bd2 Qc7 26. Rdc1 Qd8 27. Bc3 Bxc3 28. Nxc3 Rab8 29. e5 Qa5 30. exd6 exd6 31. Ne4 c4 32. bxc4 Rxb1 33. Qxb1 Rxc4 34. Rxc4 Bxc4 35. Qb7 Nc5 36. Nxc5 Qxc5 37. Ng5 1-0

[Event "Ch (Men) Minsk BLR"]
[Site "?"]
[Date "2006.03.11"]
[Round "8"]
[White "Dydyshko Viacheslav"]
[Black "Kasparov Sergey"]
[Result "1-0"]
[WhiteElo "2547"]
[BlackElo "2491"]
[PlyCount "131"]
[EventDate "2006.??.??"]
[Source "www.chesslib.no"]
[SourceDate "2004.05.04"]

1. d4 Nf6 2. c4 c5 3. d5 b5 4. cxb5 a6 5. bxa6 g6 6. Nc3 Bxa6 7. g3 d6 8. Bg2 Bg7 9. Nf3 Nfd7 10. Qc2 Nb6 11. Nd2 N8d7 12. b3 O-O 13. Bb2 f5 14. O-O Nf6 15. Rfe1 Bb7 16. e4 Nxe4 17. Ncxe4 fxe4 18. Nxe4 Bxb2 19. Qxb2 Bxd5 20. a4 Rb8 21. a5 Nc4 22. Qc3 Ne5 23. Nf6+ Rxf6 24. Bxd5+ e6 25. Bg2 Qc7 26. f4 Nd7 27. Bh3 Kf7 28. Qe3 Nf8 29. Ra4 Ra8 30. Qc3 Qa7 31. Kh1 Rb8 32. Qe3 h5 33. b4 Qd7 34. Rea1 cxb4 35. a6 Kg8 36. Qd4 Rf7 37. Rxb4 Rxb4 38. Qxb4 Qc6+ 39. Bg2 d5 40. Qd4 Rc7 41. Bf1 Rc8 42. Bd3 Ra8 43. Kg2 Kf7 44. Ra2 Nd7 45. Rb2 Rxa6 46. Bxa6 Qxa6 47. Rc2 Qd6 48. h3 Qb8 49. Ra2 Qc8 50. g4 hxg4 51. hxg4 Qc5 52. Qxc5 Nxc5 53. Ra7+ Kf8 54. Kf3 Ne4 55. Ke3 g5 56. fxg5 Nxg5 57. Kf4 Nf7 58. g5 Kg7 59. Re7 e5+ 60. Kf5 Kf8 61. Ra7 e4 62. g6 Nd6+ 63. Ke6 d4 64. Kxd6 d3 65. Ke5 d2 66. Kf6 1-0